| 000 | 05327nam2a22003611 4500 | ||
|---|---|---|---|
| 001 | v19\rc\2108001 | ||
| 005 | 20251228050633.0 | ||
| 035 | _a(NLR Aleph) 005185312 | ||
| 090 |
_a5160843 _c5160843 |
||
| 100 | _a20090914d1818 u y0rusy50 ca | ||
| 101 | 1 |
_arus _cger _cger |
|
| 102 | _aRU | ||
| 140 | _ay y ba yaa0000 | ||
| 200 | 1 | _aЧ.1 | |
| 215 | _a[2], XI, [3], 509, [3] с. | ||
| 316 |
_aЭкз. РНБ (18.5.7.14(1)) ч.1-2 в одном пер. Сост. картон. пер., оклеен. коричневой с разводами бумагой, с кожаным корешком и уголками. На нижней крышке пер. наклефка с шифром РНБ. На корешке тиснение с позолотой, кожаная наклейка с вытисн. золотом загл. и бумаж. наклейка. Корешок частично отрван от книж. блока. Обрез тонированный желтый. На тит. л. круглый штамп ИБ в венке с короной. На тит. л. и с.33 круглый штамп ГПБ _5NLR: 18.5.7.14(1) |
||
| 316 |
_aЭкз. РНБ (138/1346(1)) ч.1-2 в одном пер. Цельнокожаный пер. На нижней крышке пер. экслибрис ГПБ с шифром. На корешке тиснение с позолотой и красная кожаная наклейка с вытисн. золотом загл. На форзаце ярлык с шифром РНБ. На тит. л. круглый штамп ГПБ "Дублет". На обороте тит. л. и с.33 круглый штамп ГПБ _5NLR: 138/1346(1) |
||
| 316 |
_aЭкз. РНБ (РЗФ 18 в. 5/294(1)) ч.1-2 в одном пер. Сост. картон. пер., оклеен. мрамор. бумагой, с кожаным корешком и уголками. На нижней крышке пер. экслибрис РЗФ ГПБ с шифром. На корешке тиснение с позолотой, красная кожаная наклейка с вытисн. золотом загл. и бумаж. ярлык. На обороте тит. л. с.33 круглый штамп ГПБ. С.[2-3] приплетены после с.[2] 1-го ряда _5NLR: РЗФ 18 в. 5/294(1) |
||
| 316 |
_aЭкз. РНБ (РЗФ 18 в. 5/294(1)а) ч.1-2 в одном пер. В бумаж. обл. 1-2-я с. обл. из белой бумаги (с печат. текстом на 2-й с.), 3-4-я с. обл. из серой бумаги. Бумаж. покрытие на корешке отсутствут. Экз. не обрезан. На 4-й с. обл. экслибрис РЗФ ГПБ с шифром. На тит. л. прямоугол. штамп ГПБ, овал. штамп [нрзб], два техн. штампа 1953 и 1964 г. и рукоп. надпись техн. характера. Экз. деф.: отсутствуют с.[2-3] 3-го ряда _5NLR: РЗФ 18 в. 5/294(1)а |
||
| 317 |
_aВ экз. РНБ (18.5.7.14(1)) на форзаце дарств. надпись пер.: "В Императорскую публичную библиотеку С.Гаевский" _5NLR: 18.5.7.14(1) |
||
| 317 |
_aВ экз. РНБ (138/1346(1)) на форзаце дарств. надпись пер.: "Его превосходительству милостиву государю Ивану Павловичу Лаврову в знак истиннаго почтения С. Гаевский". На нахзаце шрифтовой ярлык "Книжная торговля В.И.Клочкова" _5NLR: 138/1346(1) |
||
| 461 | 0 |
_1001v19\rc\2108000 _12001#$aПолицейская и судебная химия Вильгельма Геррманна Георга Ремера, доктора медицины и хирургии, профессора в Кенигсбергском университете и проч.$fПеревел Медицинскаго совета член и ученый секретарь м. и х. доктор Семен Гаевский$vЧ. 1 _1700#1$aРемер$bВ.Г.$gВильгельм Герман$6z01790 _95160834 _aРемер, В.Г. _cСанктпетербург _d1818 _fПеревел Медицинскаго совета член и ученый секретарь м. и х. доктор Семен Гаевский _nв Медицинской типографии _tПолицейская и судебная химия Вильгельма Геррманна Георга Ремера, доктора медицины и хирургии, профессора в Кенигсбергском университете и проч. _vЧ. 1 |
|
| 702 | 1 |
_4390 _7ca _8rus _aЛавров _bИ. П. _cсенатор _f1768-1836 _gИван Павлович _9165710 _3RU\NLR\AUTH\770165757 |
|
| 702 | 1 |
_4160 _7ca _8rus _aКлочков _bВ. И. _fок.1861-1915 _gВасилий Иванович _9172600 _3RU\NLR\AUTH\770172651 |
|
| 801 | 0 |
_aRU _bNLR _gpsbo |
|
| 801 | 1 |
_aRU _bProSoft-M _2rusmarc |
|
| 852 |
_aNLR _j18.5.7.14(1) |
||
| 852 |
_aNLR _j138/1346(1) |
||
| 852 |
_aNLR _bРЗФ _j18 в. 5/294(1) |
||
| 852 |
_aNLR _bРЗФ _j18 в. 5/294(1)а |
||
| 942 | _cBOOK | ||
| 980 | _aNB | ||